Vista normal
Vista MARC
Entrada Nombre personal
Número de registros utilizados en: 3
001 - NÚMERO DE CONTROL
- campo de control: 14104
003 - IDENTIFICADOR DEL NÚMERO DE CONTROL
- campo de control: OSt
005 - FECHA Y HORA DE LA ÚLTIMA TRANSACCIÓN
- campo de control: 20200615032441.0
008 - DATOS DE LONGITUD FIJA
- campo de control de longitud fija: 200615|| aca||aabn | a|a d
040 ## - FUENTE DE LA CATALOGACIÓN
- Centro catalogador/agencia de origen: OSt
- Centro/agencia transcriptor: OSt
100 ## - ENCABEZAMIENTO-NOMBRE DE PERSONA
- Nombre de persona: Isla, José Francisco de,
- Fechas asociadas al nombre: 1703-1781
670 ## - FUENTE DE DATOS ENCONTRADOS
- Cita de la fuente: Work cat.: (OSt)4676: Le Sage, Alain Rene, 1668-1747 13347, Historia de Gil Blas de Santillana /, 1953.
